Super Smash Bros. Fighters #59 - The Duck Hunt Quiz - Statistics

General Stats
  • This quiz has been taken 79 times
  • The average score is 7 of 15
Answer Stats
Hint Answer % Correct
The Duck Hunt duo appear in the Smash reveal trailer for this bird-and-bear duo. Banjo & Kazooie
92%
What year was the Duck Hunt video game released? 1984
86%
What does the dog do to the player that would cause them to want to take the above action? {Laugh} at them
85%
What accessory is used to play the NES Duck Hunt game? NES Zapper
77%
Duck Hunt is well known for being bundled together on one cartridge with what NES game? Super Mario Bros.
67%
Because of this accessory, Duck Hunt is only compatible with what type of TV? CRT
48%
The Shooting Range mode from this Wii launch title resembles Duck Hunt. Wii Play
45%
What year was the Duck Hunt toy released? 1976
41%
What alien invasion movie features the Duck Hunt Dog as a trophy for the humans? Pixels
39%
Name another game in the above “series”: Hogan’s Alley, Gumshoe, Wild Gunman
38%
What is the name of the disc targets in Duck Hunt’s ‘Game C’? Clay Pigeon
36%
What text appears on screen to let players know they missed the ducks? Fly Away
35%
What “series” are games that use this accessory apart of? {Light} {Gun} Series
32%
In the arcade version of Duck Hunt, players can shoot the dog. What is the name of the arcade version? Vs. Duck Hunt
12%
The Duck Hunt Dog appears in a video game based on this portly cartoon ringmaster. {Barker} {Bill}’s Trick Shooting
6%
No matching quizzes found
Score Distribution
Percent of People with Each Score
Percentile by Number Answered
Your Score History
You have not taken this quiz